000 00510nam a2200193Ia 4500
005 20250326143143.0
008 250326s9999 xx 000 0 und d
037 _aTextbook
040 _aFMSL
_beng
_cFMSL
041 _aeng
_2eng
084 _aX89Q8 P3
_qFMSL
100 _aDale B
_9741667
245 0 _aManaging Quality
_cDale B
250 _aFourth
260 _aAustralia
_bAustralia, Blackwell Publishing
_c2003
300 _a519p
942 _cTB
_hX89Q8 P3
999 _c1298345
_d1298345